BSOP header

美学史 Mei xue shi = History of aesthetic {ch} / (Record no. 37265)

MARC details
000 -LEADER
fixed length control field 01187nam a2200277Ii 4500
001 - CONTROL NUMBER
control field 865476262
005 - DATE AND TIME OF LATEST TRANSACTION
control field 20140520110402.0
006 - FIXED-LENGTH DATA ELEMENTS--ADDITIONAL MATERIAL CHARACTERISTICS--GENERAL INFORMATION
fixed length control field m o d
007 - PHYSICAL DESCRIPTION FIXED FIELD--GENERAL INFORMATION
fixed length control field cr |||||||||||
008 - FIXED-LENGTH DATA ELEMENTS--GENERAL INFORMATION
fixed length control field 131216s2009 cc o 001 0 chi d
020 ## - INTERNATIONAL STANDARD BOOK NUMBER
International Standard Book Number 9787100065788
020 ## - INTERNATIONAL STANDARD BOOK NUMBER
International Standard Book Number 710006578X
035 ## - SYSTEM CONTROL NUMBER
System control number (OCoLC)865476262
050 #4 - LIBRARY OF CONGRESS CALL NUMBER
Classification number BH81
100 1# - MAIN ENTRY--PERSONAL NAME
Personal name 鲍桑葵 Bosanquet, Bernard,
Dates associated with a name 1848-1923,
240 10 - UNIFORM TITLE
Uniform title History of aesthetic.
Language of a work Chinese.
245 10 - TITLE STATEMENT
Title 美学史 Mei xue shi = History of aesthetic {ch} /
Statement of responsibility, etc 鲍桑葵著 ; 张今译. 张今 ; Bernard Bosanquet; Jin Zhang ; [Baosangkui zhu ; Zhang Jin yi]
260 ## - PUBLICATION, DISTRIBUTION, ETC. (IMPRINT)
Place of publication, distribution, etc 商务印书馆, Beijing :
Name of publisher, distributor, etc Shang wu yin shu guan,
Date of publication, distribution, etc 2009.
300 ## - PHYSICAL DESCRIPTION
Extent 2, 4, 13, 664 p. ;
Dimensions 21 cm.
440 ## - SERIES STATEMENT/ADDED ENTRY--TITLE
Title 漢譯世界學術名著叢書 Han yi shi jie xue shu ming zhu cong shu zhen cang ben = [Collection of world-renown academic classical works in Chinese].
500 ## - GENERAL NOTE
General note Tranlation of: A history of aesthetic.
650 #0 - SUBJECT ADDED ENTRY--TOPICAL TERM
Topical term or geographic name as entry element Aesthetics
General subdivision History {ch}.
700 1# - ADDED ENTRY--PERSONAL NAME
Personal name 张今译 Zhang, Jin,
Relator term translator.
776 18 - ADDITIONAL PHYSICAL FORM ENTRY
Display text Print version:
Uniform title History of aesthetic. Chinese.
Title Mei xue shi.
Place, publisher, and date of publication [China] : [publisher not identified], [1985]
942 ## - ADDED ENTRY ELEMENTS (KOHA)
Source of classification or shelving scheme Library of Congress Classification
Item type Books
Holdings
Withdrawn status Lost status Source of classification or shelving scheme Damaged status Not for loan Home library Current library Shelving location Date acquired Source of acquisition Cost, normal purchase price Accession number Total Checkouts Full call number Barcode Date last seen Price effective from Koha item type
    Library of Congress Classification     BSOP Library BSOP Library Reference Chinese 01/27/2014 Commercial Press 471.05 C-11924   BH81 B65 2009 00043724 01/27/2014 01/27/2014 Books
BSOP

Biblical Seminary of the Philippines
  All rights Reserved
  © 2024

CONTACT INFORMATION

Biblical Seminary of the Philippines,
  77-B Karuhatan Road, Valenzuela City,
  PHILIPPINES 1441
  Phone: +632 8292-6795 / 8292-6798
  Fax : +632 8292-6675
  Email: library@bsop.edu.ph